<?xml version="1.0" encoding="UTF-8"?>
<record
    xmlns:xsi="http://www.w3.org/2001/XMLSchema-instance"
    xsi:schemaLocation="http://www.loc.gov/MARC21/slim http://www.loc.gov/standards/marcxml/schema/MARC21slim.xsd"
    xmlns="http://www.loc.gov/MARC21/slim">

  <leader>02487nam a22003977u 4500</leader>
  <controlfield tag="001">pwiiw4632</controlfield>
  <controlfield tag="003">OSt</controlfield>
  <controlfield tag="005">20260516120107.0</controlfield>
  <controlfield tag="008">171101t2017    au ||||| |||| 00| ||eng d</controlfield>
  <datafield tag="040" ind1=" " ind2=" ">
    <subfield code="c">OSt</subfield>
  </datafield>
  <datafield tag="041" ind1=" " ind2=" ">
    <subfield code="a">eng</subfield>
  </datafield>
  <datafield tag="084" ind1=" " ind2=" ">
    <subfield code="a">C59</subfield>
    <subfield code="a">F14</subfield>
    <subfield code="a">F15</subfield>
    <subfield code="2">jelc</subfield>
  </datafield>
  <datafield tag="100" ind1="1" ind2=" ">
    <subfield code="a">Ninka, Eniel</subfield>
  </datafield>
  <datafield tag="245" ind1="1" ind2="0">
    <subfield code="a">International Trade in Western Balkan Countries: Analysis Based on the Gravity Model</subfield>
  </datafield>
  <datafield tag="260" ind1=" " ind2=" ">
    <subfield code="a">Wien :</subfield>
    <subfield code="b">Wiener Institut f&#xFC;r Internationale Wirtschaftsvergleiche (wiiw),</subfield>
    <subfield code="c">2017.</subfield>
  </datafield>
  <datafield tag="490" ind1="1" ind2=" ">
    <subfield code="a">wiiw Balkan Observatory Working Papers</subfield>
    <subfield code="v">126</subfield>
  </datafield>
  <datafield tag="520" ind1=" " ind2=" ">
    <subfield code="a">Abstract

We adopt the gravity model to analyse the international trade relations of Western Balkan (WB) countries and of the WB region as a whole, using WIIW and World Bank data, over a period of 20 years (1995-2014).

Data show a tendency toward better integration of WB countries with the world economy, increased openness of their economies, persistence of their trade deficits, and, for most of them, an improvement of the coverage ratio.

For the region as a whole, the volume of international trade outpaced that of intra-regional trade reaching, in 2014, a difference of nearly 5 times. The main partner for the region remains the European Union, particularly Germany and Italy.

The gravity model of exports of the WB region shows that its exports are positively impacted by the common language and common borders with third countries, by trade with European Union, and large and highly industrialized countries, while distance and region&#x2019;s level of per capita Gross Domestic Product both have a negative impact.

Considering the imports, the model shows that they are positively impacted by existence of common borders and language with the region, and by region&#x2019;s and partner countries&#x2019; level of economic development, while the distance has again a negative impact.
</subfield>
  </datafield>
  <datafield tag="650" ind1=" " ind2=" ">
    <subfield code="a">Western Balkans</subfield>
  </datafield>
  <datafield tag="650" ind1=" " ind2=" ">
    <subfield code="a">International trade relations</subfield>
  </datafield>
  <datafield tag="650" ind1=" " ind2=" ">
    <subfield code="a">Gravity model</subfield>
  </datafield>
  <datafield tag="650" ind1=" " ind2=" ">
    <subfield code="a">Economic integration</subfield>
  </datafield>
  <datafield tag="651" ind1=" " ind2=" ">
    <subfield code="a">Albania</subfield>
  </datafield>
  <datafield tag="651" ind1=" " ind2=" ">
    <subfield code="a">Bosnia and Herzegovina</subfield>
  </datafield>
  <datafield tag="651" ind1=" " ind2=" ">
    <subfield code="a">Croatia</subfield>
  </datafield>
  <datafield tag="651" ind1=" " ind2=" ">
    <subfield code="a">Kosovo</subfield>
  </datafield>
  <datafield tag="651" ind1=" " ind2=" ">
    <subfield code="a">North Macedonia</subfield>
  </datafield>
  <datafield tag="651" ind1=" " ind2=" ">
    <subfield code="a">Montenegro</subfield>
  </datafield>
  <datafield tag="651" ind1=" " ind2=" ">
    <subfield code="a">Serbia</subfield>
  </datafield>
  <datafield tag="651" ind1=" " ind2=" ">
    <subfield code="a">Western Balkans</subfield>
  </datafield>
  <datafield tag="690" ind1=" " ind2=" ">
    <subfield code="a">Macroeconomic Analysis and Policy</subfield>
  </datafield>
  <datafield tag="690" ind1=" " ind2=" ">
    <subfield code="a">International Trade, Competitiveness and FDI</subfield>
  </datafield>
  <datafield tag="700" ind1="1" ind2=" ">
    <subfield code="a">Pere, Engjell</subfield>
  </datafield>
  <datafield tag="830" ind1=" " ind2="0">
    <subfield code="v">126</subfield>
    <subfield code="w">WIIW0000140</subfield>
    <subfield code="t">wiiw Balkan Observatory Working Papers</subfield>
  </datafield>
  <datafield tag="856" ind1="4" ind2="0">
    <subfield code="u">https://wiiw.ac.at/p-4632.html</subfield>
  </datafield>
  <datafield tag="942" ind1=" " ind2=" ">
    <subfield code="c">P</subfield>
    <subfield code="2">z</subfield>
  </datafield>
  <datafield tag="999" ind1=" " ind2=" ">
    <subfield code="c">8665</subfield>
    <subfield code="d">8665</subfield>
  </datafield>
  <datafield tag="952" ind1=" " ind2=" ">
    <subfield code="0">0</subfield>
    <subfield code="1">0</subfield>
    <subfield code="4">0</subfield>
    <subfield code="7">0</subfield>
    <subfield code="a">BIB</subfield>
    <subfield code="b">BIB</subfield>
    <subfield code="c">1</subfield>
    <subfield code="d">2017-11-01</subfield>
    <subfield code="i">pwiiw4632</subfield>
    <subfield code="l">0</subfield>
    <subfield code="o">126</subfield>
    <subfield code="p">1000010004632</subfield>
    <subfield code="r">2017-11-01 00:00:00</subfield>
    <subfield code="w">2019-02-05</subfield>
    <subfield code="y">P</subfield>
  </datafield>
</record>
